[Event "Hennebont Grand Prix U14"]
[Site "Hennebont"]
[Date "2006.08.06"]
[Round "4"]
[White "Candalh, Theo"]
[Black "Le Roch, Nicolas"]
[Result "1-0"]
[WhiteElo "1440"]
[BlackElo "1080"]
[PlyCount "26"]
[EventDate "2006.08.06"]
[EventType "swiss"]
[EventRounds "7"]
[EventCountry "FRA"]
[SourceTitle "EXT 2008"]
[Source "ChessBase"]
[SourceDate "2007.11.25"]
[SourceVersion "1"]
[SourceVersionDate "2007.11.25"]
[SourceQuality "1"]

1. e4 e5 2. Nf3 Nc6 3. Bc4 Bb4 4. 0-0 d6 5. h3 Bd7 6. a3 Bc5 7. Nc3 Na5 8. b3 c6 9. Na4 b6 10. b4 b5 11. bxa5 bxa4 12. Ng5 Qxg5 13. d3 Qg6 1-0

[Event "Hennebont Grand Prix U14"]
[Site "Hennebont"]
[Date "2006.08.05"]
[Round "2"]
[White "Legrand, Guillaume"]
[Black "Le Roch, Nicolas"]
[Result "1-0"]
[WhiteElo "1199"]
[BlackElo "1080"]
[PlyCount "35"]
[EventDate "2006.08.06"]
[EventType "swiss"]
[EventRounds "7"]
[EventCountry "FRA"]
[SourceTitle "EXT 2008"]
[Source "ChessBase"]
[SourceDate "2007.11.25"]
[SourceVersion "1"]
[SourceVersionDate "2007.11.25"]
[SourceQuality "1"]

1. d4 d5 2. Nf3 Nf6 3. Nc3 Nc6 4. e4 e5 5. dxe5 dxe4 6. Nxe4 Nxe5 7. Nxe5 Nxe4 8. Bb5+ Bd7 9. Bxd7+ Ke7 10. Bg5+ f6 11. Bf4 fxe5 12. Bxe5 Kf7 13. 0-0 Bb4 14. c3 Bc5 15. Qd5+ Kf8 16. Qxe4 Bxf2+ 17. Rxf2+ Kg8 18. Qd5# 1-0